00349pam a2200145a 44500008004100000020000900041041001200050082000800062100001400070245007600084250000600160260002100166300000700187650000900194230515b1981 xxu||||| |||| 00| 0 eng d aNULL aENGLISH a630 a2369-1967 aMETHODS FOR DETERMINATION OF ABSORBENCY OF ABSORBENTS TEXTILE MATERIALS a0 aDELHIbISIc1981 a12 aNULL